000 00309nam a22001337a 4500
008 180119b xxu||||| |||| 00| 0 eng d
020 _a4555366064006
041 _aeng
080 _a336
100 _a56
101 _afin
245 _amoney baking and financial markets
_cmiller.r.l
942 _2udc
_cBK
999 _c40550
_d40550